000 00778cam a2200229 a 4500
001 000006162
005 20200929151945.0
008 971231s1997 mx f001 p spa
020 _z9682900672
040 _aDO-SdBNP
_cDLC
_dDLC
082 _aM861.44
_bH887m
100 1 _aHuerta, David,
_d1949-
_917296
245 1 3 _aLa música de lo que pasa /
_cDavid Huerta.
260 _aMéxico, D. F. :
_bConsejo Nacional para la Cultura y las Artes,
_c1997.
300 _a101 p. ;
_c21 cm.
490 1 _aPráctica Mortal
650 4 _aPoesía mexicana
_99120
650 4 _aLiteratura mexicana
_91922
710 2 _aConsejo Nacional para la Cultura y las Artes, Dirección General de Publicaciones
_917297
830 0 _aPráctica Mortal
_914083
910 _aCatalogación por copia / LC
999 _c5958
_d5958